| 000 | 00778nab a2200241u 4500 | ||
|---|---|---|---|
| 001 | 10528 | ||
| 003 | HDC | ||
| 007 | c| |||a|c|aaaa | ||
| 008 | 210204b99999999my ||||o |||| 00| 0 may d | ||
| 040 | _aHDC | ||
| 245 | 0 | _aMinyak Yue Yee Halal | |
| 336 |
_atext _2rdacontent |
||
| 337 |
_acomputer _2rdamedia |
||
| 338 |
_aonline resource _2rdacarrier |
||
| 650 |
_aJabatan Kemajuan Islam Malaysia (Jakim) _910824 |
||
| 650 |
_aWeng Seng Heng Medical Factory Sdn Bhd _910826 |
||
| 650 |
_aYue Yee Oil _910825 |
||
| 710 | _aMalaysian Digest | ||
| 856 | _zRequest full-text at [email protected] | ||
| 942 | _2lcc | ||
| 942 | _cNEWS | ||
| 942 | _kNWS0 000827 | ||
| 999 |
_c7851 _d7851 |
||